000 00309nam a2200121Ia 4500
008 220204s9999 xx 000 0 und d
082 _a631.53
_bPRO;1
100 _aPROCKTER, Noel J
245 0 _aSimple propagation.
260 _aNew York
_bCharles Seribner
_c1976
650 _aPlant propagation
942 _cBK
999 _c24908
_d24908